1065 1372 1037 1699 1960 1968 1607 1009 1691 1754 1948 1041 1682 1924 1386 1228 1496 1465 1310 1900 1685 1643 1736 1233 1554 1739 1618 1060 1189 1233 1911 1027 1060 1941 1657 1641 1708 1633 1936 1870 1854 1991 1390 1772 1034 1154 1466 1352 1673 1897 1133 1671 1822 1285 1169 1246 1764 1494 1288 1732 1270 1269 1067 1262 1915 1069 1697 1890 1044 1275 1328 1237 1759 1244 1998 1370 1863 1004 1260 1670 1426 1222 1480 1642 1285 1739 1438 1706 1707 1244 1927 1973 1253 1718 1243 1688 1127 1792 1022 BCNSPRNW ULIB Ver.6.0+V

เปลี่ยนเป็นภาษาไทย

Change to English
 แสดงรายละเอียดบรรณานุกรม
  กลับหน้าหลัก

Brief Record : Get Marc (ISO 2709) : E-mail record : QR code < ปิดหน้าต่าง
LEADER : 00000nam 2200000uu 4500
001    13399128936
003     ULIB
008    241030s2022||||th 000 0 tha d
020    ^a9781108933834 (pbk.)
050  4 ^aPE1128^bI22
245 00 ^aIELTS 17 general training :^bwith answers, authenticpractice tests /^c[Cambridge University Press]
260    ^aCambridge :^bCambridge University Press,^c2022
300    ^a142 p. :^bill. ;^c25 cm.
650  0 ^aInternational English Language Testing System^vStudyguides
650  0 ^aEnglish language^vTextbooks for foreign speakers
650  0 ^aEnglish language^xStudy and teaching
650  0 ^aEnglish language^xExaminations^vStudy guides
650  0 ^aEnglish language^vProblems, exercises, etc.
653    ^aIELTS
945    ^p989^l0^i011190
999    ^aประนอม เกษจรัล
รายการนี้ยังไม่มีแท็ก
คุณยังไม่ได้ล็อกอิน คุณสามารถมีกิจกรรมร่วมกับเว็บไซต์ได้ แต่ต้องล็อกอินก่อน ::
  ล็อกอิน

รายการสื่อสารสนเทศ

ลำดับที่ ประเภท เลขเรียก/บาร์โค้ด สถานที่ สถานะ
1. การศึกษาทั่วไป
หนังสือสำรอง
สถานะ=หนังสือสำรอง
PE1128 I22 ฉ.1 
  Barcode: 011190
ห้องสมุดวิทยาเขตสวรรค์ประชารักษ์
►หนังสือทั่วไป
บนชั้น

BibComment


ยังไม่เคยถูกคอมเมนท์

คอมเมนท์ทรัพยากรรายการนี้
  คอมเมนท์: IELTS 17 general..


 Copyright 2026. Bcnsprnw @Library